Econ 1000 principles of macroeconomics (Record no. 14814)

MARC details
000 -LEADER
fixed length control field 00394nam a2200169Ia 4500
003 - CONTROL NUMBER IDENTIFIER
control field OSt
005 - DATE AND TIME OF LATEST TRANSACTION
control field 20240327093255.0
008 - FIXED-LENGTH DATA ELEMENTS--GENERAL INFORMATION
fixed length control field 230312s9999||||xx |||||||||||||| ||und||
020 ## - INTERNATIONAL STANDARD BOOK NUMBER
International Standard Book Number 978-01703666-18
040 ## - CATALOGING SOURCE
Language of cataloging English
082 ## - DEWEY DECIMAL CLASSIFICATION NUMBER
Classification number 330
Item number STO-E
100 ## - MAIN ENTRY--PERSONAL NAME
Personal name Stonecash:robin
245 #0 - TITLE STATEMENT
Title Econ 1000 principles of macroeconomics
300 ## - PHYSICAL DESCRIPTION
Extent 209
650 ## - SUBJECT ADDED ENTRY--TOPICAL TERM
Topical term or geographic name entry element Economics
942 ## - ADDED ENTRY ELEMENTS (KOHA)
Koha item type BOOK
Source of classification or shelving scheme Dewey Decimal Classification

No items available.

Powered by Koha